00514cam a2200181ua 45000010005000000080039000050200018000440400009000620410008000710820008000791000029000872450108001162500013002242600039002373000014002766530022002906530020003126994141118n xxk |||gr||||Z||||||eng a9780521543057 cMAIN aeng a320 aBrass, Paul R.,eAuthor.1 aThe New cambridge history of India : bThe politics of India since independence / cBy Paul R. Brass .  a2nd rev. aUnited Kingdom:bCambridge,c2010. axix,404p. aPolitical science aIndian politics